| 000 | 00750nam a22002057a 4500 | ||
|---|---|---|---|
| 999 |
_c20622 _d20622 |
||
| 003 | AR-CdUCM | ||
| 008 | 190531b ||||| |||| 00| 0 spa d | ||
| 040 |
_aMUNICIPALIDAD PROVINCIAL DEL CUSCO _cBIBLIOTECA MUNICIPAL DEL CUSCO |
||
| 082 |
_a987.08 / _bV44 |
||
| 110 |
_aServicio informativo (Venezuela) _943097 |
||
| 245 | _aVenezuela bajo el nuevo ideal nacional / | ||
| 260 |
_aCaracas : _bServicio Informativo Venezolano, _c1954. |
||
| 300 |
_a387 páginas ; _c27 cm. _bIlustraciones. |
||
| 505 | _aContenido : La doctrina del régimen -- La alta política -- Obras realizadas en el territorio nacional... | ||
| 650 |
_aCaracas _93923 |
||
| 650 |
_aDescripciones _914121 |
||
| 650 |
_aVistas _943098 |
||
| 942 |
_2ddc _cLIBROS |
||
| 945 | _aJavier | ||